[Event "European Youth Chess Championship B16"]
[Site "Prague, Top Hotel Prague"]
[Date "2016.08.20"]
[Round "3.55"]
[White "Piskac, Marek"]
[Black "Chwistek, Karel"]
[Result "1-0"]
[WhiteElo "1711"]
[BlackElo "1961"]
[PlyCount "45"]
[EventDate "2016.08.18"]

1. e4 c5 2. Nf3 d6 3. d4 cxd4 4. Nxd4 Nf6 5. Nc3 g6 6. Be3 Bg7 7. Bc4 O-O 8. h3
Nc6 9. Bb3 Bd7 10. O-O Rc8 11. f4 e5 12. Ndb5 exf4 13. Bxf4 d5 14. exd5 Qb6+
15. Kh1 Nb4 16. Nd6 Rcd8 17. Nc4 Qa6 18. Bd6 Bg4 19. hxg4 Rxd6 20. Nxd6 Qxd6
21. Qf3 Qd7 22. g5 Nh5 23. g4 1-0

[Event "European Youth Chess Championship B16"]
[Site "Prague, Top Hotel Prague"]
[Date "2016.08.20"]
[Round "3.56"]
[White "D`Avino, Gianfranco"]
[Black "Solc, Filip"]
[Result "1-0"]
[WhiteElo "2119"]
[BlackElo "1915"]
[PlyCount "69"]
[EventDate "2016.08.18"]

1. d4 Nf6 2. c4 c5 3. d5 e6 4. Nc3 exd5 5. cxd5 d6 6. e4 g6 7. f4 Bg7 8. Bb5+
Bd7 9. e5 dxe5 10. fxe5 Nh5 11. Nf3 O-O 12. O-O Bg4 13. Re1 a6 14. Bc4 b5 15.
e6 Qb6 16. exf7+ Rxf7 17. Re8+ Bf8 18. Be2 Nf6 19. Re3 c4 20. Kh1 Nbd7 21. Ng5
Bxe2 22. Qxe2 Nc5 23. Nxf7 Kxf7 24. Qf2 b4 25. Re6 Qd8 26. Bg5 Nxe6 27. dxe6+
Kg7 28. Ne4 Be7 29. Rf1 Nxe4 30. Qf7+ Kh8 31. Bxe7 Qg8 32. Rf4 c3 33. Rxe4 Qxf7
34. exf7 cxb2 35. Bf6# 1-0

[Event "European Youth Chess Championship B16"]
[Site "Prague, Top Hotel Prague"]
[Date "2016.08.20"]
[Round "3.57"]
[White "Dill, Xaver"]
[Black "Brejnik, Gustav"]
[Result "1-0"]
[WhiteElo "2110"]
[BlackElo "1868"]
[PlyCount "71"]
[EventDate "2016.08.18"]

1. Nf3 Nf6 2. c4 e6 3. g3 d5 4. d4 Be7 5. Bg2 O-O 6. O-O Nbd7 7. Qc2 b6 8. b3
Bb7 9. Bb2 Ne4 10. Nc3 f5 11. Rac1 Rc8 12. e3 Bf6 13. cxd5 exd5 14. Nb5 Ba6 15.
Qc6 Nb8 16. Qe6+ Kh8 17. Nxa7 g6 18. Ne5 Ng5 19. Qxd5 Nh3+ 20. Kh1 Qxd5 21.
Bxd5 Bxf1 22. Nxc8 Ba6 23. Kg2 Bxc8 24. f4 c6 25. Bf3 g5 26. Nxc6 g4 27. Bd5
Bb7 28. Nb4 Bxd5+ 29. Nxd5 Re8 30. Nxf6 Rxe3 31. Rc2 Re1 32. Rc1 Re2+ 33. Kf1
Rxb2 34. Rc7 Rb1+ 35. Ke2 Rb2+ 36. Ke3 1-0

[Event "European Youth Chess Championship B16"]
[Site "Prague, Top Hotel Prague"]
[Date "2016.08.20"]
[Round "3.58"]
[White "Jelinek, Michal"]
[Black "Mandic, Stefan"]
[Result "1-0"]
[WhiteElo "2080"]
[BlackElo "1868"]
[PlyCount "119"]
[EventDate "2016.08.18"]

1. d4 d5 2. c4 e6 3. Nc3 Nf6 4. cxd5 exd5 5. Bg5 Be7 6. e3 O-O 7. Bd3 Re8 8.
Qc2 h6 9. Bh4 c5 10. dxc5 d4 11. Bxf6 Bxf6 12. Ne4 dxe3 13. fxe3 Bxb2 14. Rd1
Qa5+ 15. Kf2 Be5 16. Nf3 Nc6 17. Bc4 Bg4 18. Nd6 Bxd6 19. cxd6 Bxf3 20. gxf3
Qb6 21. Qb3 Qxb3 22. Bxb3 Rad8 23. e4 Kf8 24. Rhe1 f6 25. f4 a6 26. Kf3 g5 27.
Rg1 Na5 28. Rd5 Nxb3 29. axb3 Rd7 30. Rgd1 Kf7 31. f5 Rc8 32. Ke3 Rc6 33. R1d3
Rc2 34. h3 Rc6 35. Kf3 h5 36. Ke3 Kf8 37. e5 fxe5 38. Ke4 Kf7 39. Kxe5 Rc1 40.
Re3 Rf1 41. Rc3 Re1+ 42. Kd4 Rd1+ 43. Kc5 Rb1 44. Kb6 g4 45. hxg4 hxg4 46. Rdd3
g3 47. Rc7 Rxc7 48. dxc7 g2 49. Rd7+ Kf6 50. Rd6+ Ke5 51. Rg6 Rxb3+ 52. Ka7 Rc3
53. Kb8 Kxf5 54. Rxg2 Ke5 55. c8=Q Rxc8+ 56. Kxc8 b5 57. Kb7 Kd4 58. Kxa6 b4
59. Kb5 b3 60. Kb4 1-0

[Event "European Youth Chess Championship B16"]
[Site "Prague, Top Hotel Prague"]
[Date "2016.08.20"]
[Round "3.59"]
[White "De, Bock Thijs"]
[Black "Bugar, Peter"]
[Result "1-0"]
[WhiteElo "2058"]
[BlackElo "1857"]
[PlyCount "57"]
[EventDate "2016.08.18"]

1. e4 e6 2. Nf3 d5 3. Nc3 Nf6 4. e5 Nfd7 5. d4 c5 6. dxc5 Nxc5 7. Be2 Nc6 8.
Bf4 a6 9. O-O b5 10. a4 b4 11. Nb1 Qb6 12. Nbd2 a5 13. c4 bxc3 14. bxc3 Qc7 15.
Nd4 Nxd4 16. cxd4 Na6 17. Rc1 Qa7 18. Nb3 Bb4 19. Qd3 Bd7 20. Qg3 Kf8 21. Bxa6
Qxa6 22. Nc5 Bxc5 23. Rxc5 Rb8 24. Qc3 Rb4 25. Rc7 Ke8 26. Bg5 h6 27. Bd2 Rg8
28. Rxd7 Rc4 29. Rc7 1-0

[Event "European Youth Chess Championship B16"]
[Site "Prague, Top Hotel Prague"]
[Date "2016.08.20"]
[Round "3.60"]
[White "Pasha, Tariq"]
[Black "Vystrcil, Martin"]
[Result "1/2-1/2"]
[WhiteElo "1756"]
[BlackElo "2029"]
[PlyCount "120"]
[EventDate "2016.08.18"]

1. d4 Nf6 2. c4 g6 3. f3 Bg7 4. Nc3 O-O 5. e4 d6 6. Be3 Nbd7 7. Qd2 c5 8. Nge2
cxd4 9. Nxd4 Nc5 10. Be2 Ne6 11. Nc2 Bd7 12. O-O Re8 13. Rad1 Bc6 14. a3 Qc7
15. Nb4 Rec8 16. Nbd5 Bxd5 17. Nxd5 Qd8 18. b4 b6 19. Kh1 Rab8 20. Qe1 Qe8 21.
Qf2 Nc7 22. Rd3 Ncxd5 23. cxd5 Rc2 24. Qe1 Rbc8 25. Bd1 R2c7 26. Bd2 Nd7 27. f4
b5 28. Bg4 h5 29. Bh3 Rc4 30. e5 dxe5 31. fxe5 Nxe5 32. Re3 f6 33. Be6+ Kh7 34.
Bxc8 Qxc8 35. Rc3 Bh6 36. Rxc4 Qxc4 37. Bxh6 Kxh6 38. Qc1+ g5 39. Qxc4 Nxc4 40.
Rf3 g4 41. Rc3 Kg5 42. a4 a6 43. axb5 axb5 44. Kg1 Kf4 45. Kf2 Ke4 46. Kg3 Kxd5
47. Kh4 Kd4 48. Rc1 e5 49. Kxh5 e4 50. Kxg4 Ne5+ 51. Kf5 e3 52. h4 e2 53. h5
Nc4 54. h6 Ne3+ 55. Kg6 Nd1 56. h7 e1=Q 57. h8=Q Qe4+ 58. Kf7 Qd5+ 59. Kg6 Qe4+
60. Kf7 Qd5+ 1/2-1/2

[Event "European Youth Chess Championship B16"]
[Site "Prague, Top Hotel Prague"]
[Date "2016.08.20"]
[Round "3.61"]
[White "Zizka, Petr"]
[Black "Hung, Do"]
[Result "0-1"]
[WhiteElo "2010"]
[BlackElo "1766"]
[PlyCount "94"]
[EventDate "2016.08.18"]

1. b3 e5 2. Bb2 Nc6 3. e3 d5 4. Bb5 Bd6 5. f4 Qh4+ 6. g3 Qe7 7. Nf3 Bg4 8. h3
Bxf3 9. Qxf3 Nf6 10. c4 e4 11. Qe2 O-O 12. Bxc6 bxc6 13. Nc3 Ba3 14. Bxa3 Qxa3
15. g4 Qd6 16. Rc1 d4 17. Na4 Qa3 18. Ra1 Rab8 19. O-O Rfd8 20. Rfd1 Rd6 21. g5
Nd7 22. d3 Re8 23. exd4 Rxd4 24. Qe3 Qd6 25. c5 Nxc5 26. Nxc5 Qxc5 27. Rac1 Qd5
28. Rc3 Rd8 29. Kf2 Rxd3 30. Rcxd3 exd3 31. Qxa7 c5 32. Qa4 Ra8 33. Re1 Qd4+
34. Qxd4 cxd4 35. Rd1 Rxa2+ 36. Kf3 d2 37. Ke4 c5 38. Kd5 Rc2 39. Ke4 Kf8 40.
b4 cxb4 41. Kxd4 b3 42. Kd3 Ke7 43. f5 Kd6 44. g6 fxg6 45. fxg6 h6 46. h4 h5
47. Ke3 Kc5 0-1

[Event "European Youth Chess Championship B16"]
[Site "Prague, Top Hotel Prague"]
[Date "2016.08.20"]
[Round "3.62"]
[White "Durbano, Gabriele"]
[Black "Temmerman, Sander"]
[Result "1-0"]
[WhiteElo "2002"]
[BlackElo "1659"]
[PlyCount "83"]
[EventDate "2016.08.18"]

1. Nf3 Nf6 2. c4 e6 3. g3 c5 4. Bg2 Nc6 5. O-O Be7 6. d4 O-O 7. d5 exd5 8. cxd5
Nd4 9. Nxd4 cxd4 10. Qxd4 d6 11. Nc3 Nd7 12. Bf4 Bf6 13. Qd2 Nc5 14. Rac1 Re8
15. Nb5 Be5 16. b4 Na6 17. Be3 Bd7 18. a4 Bxb5 19. axb5 Nc7 20. Qd3 b6 21. Rc6
Qd7 22. Rfc1 Rac8 23. Qc4 Re7 24. Bg5 f6 25. Bd2 f5 26. Bh3 g6 27. Bg5 Rf7 28.
Bf4 Bxf4 29. Qxf4 Rf6 30. Qc4 Rf7 31. e4 Qe7 32. Qc2 Qe5 33. Kh1 Qd4 34. Rc4
Qf6 35. f4 Kf8 36. e5 dxe5 37. Rc6 Qg7 38. d6 exf4 39. Rxc7 Rfxc7 40. Qxc7 Qxc7
41. dxc7 fxg3 42. Bg2 1-0

[Event "European Youth Chess Championship B16"]
[Site "Prague, Top Hotel Prague"]
[Date "2016.08.20"]
[Round "3.63"]
[White "Batashevs, Arsens"]
[Black "Stastny, Petr"]
[Result "1-0"]
[WhiteElo "1969"]
[BlackElo "1476"]
[PlyCount "67"]
[EventDate "2016.08.18"]

1. d4 d5 2. e3 c6 3. Bd3 Nf6 4. Nd2 e6 5. f4 Nbd7 6. Qe2 c5 7. c3 c4 8. Bc2 Bd6
9. Ngf3 b5 10. Ne5 Nb8 11. O-O a5 12. a4 Nfd7 13. Ndf3 b4 14. e4 Bb7 15. Ng5
Nxe5 16. fxe5 f6 17. Nxe6 Qe7 18. Nxg7+ Qxg7 19. exf6 Qf7 20. e5 Bxe5 21. dxe5
Bc8 22. Bh6 Ra6 23. Bg7 Rg8 24. Bxh7 Rxg7 25. fxg7 Qxg7 26. Bf5 Bxf5 27. Rxf5
Rg6 28. h3 Qh8 29. Kh2 Re6 30. Raf1 Nd7 31. Qe3 Rxe5 32. Rxe5+ Qxe5+ 33. Qxe5+
Nxe5 34. Re1 1-0

[Event "European Youth Chess Championship B16"]
[Site "Prague, Top Hotel Prague"]
[Date "2016.08.20"]
[Round "3.64"]
[White "Havelka, Jonas"]
[Black "Skladtshikov, Andrei"]
[Result "1-0"]
[WhiteElo "1624"]
[BlackElo "1929"]
[PlyCount "79"]
[EventDate "2016.08.18"]

1. e4 c5 2. Nf3 Nc6 3. d4 cxd4 4. Nxd4 g6 5. Nc3 Bg7 6. Be3 Nf6 7. Be2 O-O 8.
f4 d6 9. g4 Qb6 10. Nxc6 Qxc6 11. Bb5 Qc7 12. Be2 Qa5 13. Bd2 Qb4 14. Bf3 Qxb2
15. Rb1 Qa3 16. g5 Ne8 17. Rb3 Qa5 18. Nd5 Qd8 19. h4 e6 20. Nc3 e5 21. f5 gxf5
22. h5 f4 23. g6 fxg6 24. hxg6 hxg6 25. Qe2 Qg5 26. Nd5 b6 27. Kd1 Be6 28. Be1
Bxd5 29. Bh4 Qh6 30. exd5 g5 31. Bf2 Qf6 32. Be4 Kf7 33. Bxb6 axb6 34. Rxb6 Rh8
35. Rxh8 Bxh8 36. Qh5+ Kf8 37. Rb7 Rc8 38. Bg6 Nc7 39. Be4 Qe7 40. Qxh8+ 1-0

[Event "European Youth Chess Championship B16"]
[Site "Prague, Top Hotel Prague"]
[Date "2016.08.20"]
[Round "3.65"]
[White "Nemec, Jakub"]
[Black "Todorov, Kaloyan"]
[Result "0-1"]
[WhiteElo "1563"]
[BlackElo "1918"]
[PlyCount "77"]
[EventDate "2016.08.18"]

1. d4 d5 2. Nf3 Nf6 3. Bg5 Ne4 4. Bh4 c5 5. dxc5 Qa5+ 6. Nbd2 Nc6 7. c3 Qxc5 8.
Qb3 Nxd2 9. Nxd2 g6 10. e3 Bg7 11. Nf3 O-O 12. Be2 a6 13. O-O h6 14. Rfd1 Rd8
15. Bg3 e5 16. Rac1 b5 17. a4 Rb8 18. axb5 axb5 19. Qa2 Be6 20. b4 Qb6 21. Qd2
Rb7 22. Qc2 Rc8 23. Qd2 f5 24. Kh1 Rf8 25. h3 Rd8 26. Qc2 Rc8 27. Qd2 Qd8 28.
Bf1 Qe7 29. Be2 Bf7 30. Bf1 Rd8 31. Qc2 Qe8 32. Be2 Na7 33. Ne1 e4 34. Qd2 Rc8
35. f3 Rc6 36. Rc2 Re7 37. f4 Rec7 38. Rdc1 Qc8 39. Kh2 0-1

[Event "European Youth Chess Championship B16"]
[Site "Prague, Top Hotel Prague"]
[Date "2016.08.21"]
[Round "4.1"]
[White "Petrov, Martin"]
[Black "Gokerkan, Cem Kaan"]
[Result "1-0"]
[WhiteElo "2446"]
[BlackElo "2371"]
[PlyCount "107"]
[EventDate "2016.08.18"]

1. e4 e5 2. Nf3 Nc6 3. Bc4 Bc5 4. c3 Nf6 5. d3 O-O 6. Nbd2 a6 7. O-O h6 8. h3
d6 9. a4 Be6 10. Re1 Re8 11. Nf1 d5 12. exd5 Bxd5 13. Be3 Bxc4 14. dxc4 Qe7 15.
b4 Bxe3 16. Rxe3 e4 17. Ng3 Rad8 18. Qc2 a5 19. b5 Ne5 20. Nxe5 Qxe5 21. Rae1
Qf4 22. Nxe4 Nxe4 23. Rxe4 Rxe4 24. Rxe4 Qf6 25. Qc1 Kh7 26. Qe3 Rd7 27. g3 g6
28. Kg2 h5 29. Rf4 Qe7 30. Qf3 b6 31. Rd4 Rd6 32. c5 Rf6 33. Re4 Qd8 34. Rf4
Rxf4 35. Qxf4 Qd5+ 36. Qf3 Qc4 37. cxb6 cxb6 38. Qb7 Qxa4 39. Qxf7+ Kh8 40.
Qf6+ Kh7 41. Qxb6 Qe4+ 42. Kh2 a4 43. Qa7+ Kh6 44. b6 h4 45. Qb8 hxg3+ 46. Kxg3
Qd3+ 47. Kh2 Qf3 48. Qg3 Qxg3+ 49. Kxg3 a3 50. b7 a2 51. b8=Q a1=Q 52. Qh8+ Kg5
53. f4+ Kf5 54. Qe5# 1-0

[Event "European Youth Chess Championship B16"]
[Site "Prague, Top Hotel Prague"]
[Date "2016.08.21"]
[Round "4.2"]
[White "Sorokin, Aleksey"]
[Black "Mesaros, Florian"]
[Result "1-0"]
[WhiteElo "2425"]
[BlackElo "2270"]
[PlyCount "111"]
[EventDate "2016.08.18"]

1. d4 d5 2. c4 c6 3. Nf3 Nf6 4. e3 Bg4 5. h3 Bh5 6. cxd5 Bxf3 7. gxf3 cxd5 8.
Qb3 Qd7 9. Bd2 Nc6 10. f4 e6 11. Rg1 g6 12. Nc3 Be7 13. a4 O-O 14. a5 Rac8 15.
Bd3 Nb4 16. Be2 Nc6 17. Kf1 Ne8 18. Na4 Nd6 19. Nc5 Ne4 20. Nxe4 dxe4 21. Bc3
Bd8 22. Kg2 Ne7 23. a6 Rb8 24. f3 exf3+ 25. Bxf3 Nf5 26. Kf2 bxa6 27. Qa4 Qc7
28. Rgc1 Qe7 29. Qxa6 Qh4+ 30. Ke2 Qxh3 31. Rg1 Nh4 32. Bg4 Qh2+ 33. Kd3 Ng2
34. Qc6 Nxf4+ 35. exf4 Qxf4 36. Raf1 Qc7 37. Qe4 Qb7 38. Qxb7 Rxb7 39. Bf3 Rb5
40. Kc4 Rb8 41. Bb4 Re8 42. Bc5 Bb6 43. b4 f5 44. Bc6 Red8 45. b5 Kf7 46. Rg2
Rbc8 47. Re1 Bxc5 48. dxc5 a6 49. Bb7 axb5+ 50. Kxb5 Rc7 51. c6 Re8 52. Kb6
Ree7 53. Rge2 g5 54. Ba6 h5 55. Bc4 g4 56. Rxe6 1-0

[Event "European Youth Chess Championship B16"]
[Site "Prague, Top Hotel Prague"]
[Date "2016.08.21"]
[Round "4.3"]
[White "Fakhrutdinov, Timur"]
[Black "Tuncer, Tuna"]
[Result "1-0"]
[WhiteElo "2375"]
[BlackElo "2263"]
[PlyCount "41"]
[EventDate "2016.08.18"]

1. e4 g6 2. d4 Bg7 3. Nc3 d6 4. Be3 a6 5. Qd2 b5 6. f3 Nd7 7. h4 h6 8. O-O-O
Bb7 9. g4 Rc8 10. Nh3 Nb6 11. a3 Nf6 12. g5 hxg5 13. Nxg5 Nh5 14. Rg1 e6 15. f4
Qe7 16. Qf2 c5 17. dxc5 dxc5 18. e5 f5 19. Rd6 Rc6 20. Rxc6 Bxc6 21. Bxc5 1-0

[Event "European Youth Chess Championship B16"]
[Site "Prague, Top Hotel Prague"]
[Date "2016.08.21"]
[Round "4.4"]
[White "Ayats, Llobera Gerard"]
[Black "Lobanov, Sergei"]
[Result "0-1"]
[WhiteElo "2290"]
[BlackElo "2450"]
[PlyCount "88"]
[EventDate "2016.08.18"]

1. e4 c5 2. Nf3 d6 3. d4 cxd4 4. Nxd4 Nf6 5. Nc3 Nc6 6. Bg5 Bd7 7. Qd2 h6 8.
Bxf6 gxf6 9. f4 Rc8 10. O-O-O Nxd4 11. Qxd4 Qa5 12. Kb1 Qc5 13. Qd3 Bg7 14. Qg3
Kf8 15. f5 a6 16. Bd3 h5 17. Qh4 b5 18. Nd5 a5 19. Rc1 Bc6 20. c4 b4 21. Rhd1
a4 22. Be2 a3 23. b3 Bh6 24. Rc2 Bg5 25. Qe1 h4 26. Bf3 Rb8 27. Qg1 Qxg1 28.
Rxg1 e6 29. Nc7 Bd7 30. c5 dxc5 31. Rd1 Ke7 32. fxe6 fxe6 33. Rxc5 Bf4 34. h3
Rb6 35. e5 Bxe5 36. Na8 Rd6 37. Rxd6 Bxd6 38. Rh5 Rxh5 39. Bxh5 Bc6 40. Bf3
Bxf3 41. gxf3 Bc5 42. Kc2 Kd7 43. Kd3 Kc6 44. Kc4 Be7 0-1

[Event "European Youth Chess Championship B16"]
[Site "Prague, Top Hotel Prague"]
[Date "2016.08.21"]
[Round "4.5"]
[White "Hakobyan, Aram"]
[Black "Roshka, Yevgeniy"]
[Result "1-0"]
[WhiteElo "2404"]
[BlackElo "2285"]
[PlyCount "161"]
[EventDate "2016.08.18"]

1. Nf3 d5 2. c4 e6 3. d4 Nf6 4. Bg5 Nbd7 5. cxd5 exd5 6. Nc3 c6 7. e3 Be7 8.
Bd3 O-O 9. Qc2 Re8 10. O-O h6 11. Bf4 a6 12. h3 c5 13. dxc5 Nxc5 14. Bf5 Be6
15. Rad1 Rc8 16. Qb1 Qb6 17. Nd4 Bf8 18. Nxe6 fxe6 19. Bg6 Red8 20. Be5 Ncd7
21. Bg3 Bd6 22. Bh4 Be5 23. Ne2 Rc4 24. Bxf6 Nxf6 25. b3 Rc6 26. Nd4 Bxd4 27.
exd4 Nd7 28. Rfe1 Nf8 29. Bd3 Rd7 30. Qb2 Rf7 31. Bb1 Kh8 32. Qd2 Kg8 33. Re3
Qc7 34. Rde1 Qf4 35. g3 Qf6 36. h4 Kh8 37. Kg2 Qd8 38. Qd3 Qc8 39. Qd2 Kg8 40.
Bd3 Rfc7 41. Rf3 Rf7 42. Ree3 Rcc7 43. Rxf7 Rxf7 44. Be2 Rc7 45. Bg4 Rc2 46.
Qb4 Qd7 47. Rf3 Nh7 48. Qe1 Rc6 49. Re3 Kf7 50. Bh5+ Kg8 51. Bg6 Nf8 52. Bd3
Qc8 53. Qd2 Rc7 54. Qe2 Rf7 55. a4 Rc7 56. Qg4 Rf7 57. Qd1 Rc7 58. Qe1 Rc1 59.
Qb4 Rc7 60. Be2 Rf7 61. Bh5 g6 62. Bg4 h5 63. Bh3 Kg7 64. Qe1 Qc2 65. Bxe6 Nxe6
66. Rxe6 Qxb3 67. Qe2 Kh7 68. a5 Qa3 69. Re8 Qb3 70. g4 hxg4 71. Qxg4 Rf5 72.
h5 Rxh5 73. Qd7+ Kh6 74. Rh8+ Kg5 75. Qe7+ Kg4 76. Qe2+ Kh4 77. Rxh5+ gxh5 78.
Qe7+ Kg4 79. Qg7+ Kf4 80. Qf6+ Kg4 81. f3+ 1-0

[Event "European Youth Chess Championship B16"]
[Site "Prague, Top Hotel Prague"]
[Date "2016.08.21"]
[Round "4.6"]
[White "Storme, Isak"]
[Black "Radovanovic, Mihajlo"]
[Result "0-1"]
[WhiteElo "2108"]
[BlackElo "2374"]
[PlyCount "80"]
[EventDate "2016.08.18"]

1. e4 c5 2. Nf3 d6 3. d4 cxd4 4. Nxd4 Nf6 5. Nc3 a6 6. Be2 Nbd7 7. O-O g6 8.
Be3 Bg7 9. f4 O-O 10. Bf3 Nb6 11. Qe2 Qc7 12. Nd5 Nfxd5 13. exd5 Nc4 14. c3
Nxe3 15. Qxe3 Re8 16. Rfe1 Bd7 17. Qd3 Rac8 18. Re2 Kf8 19. Rae1 Qb6 20. Kh1
Bf6 21. Rd2 Rc7 22. Qe3 Qa5 23. Nb3 Qa4 24. g3 Rec8 25. Qb6 h5 26. Qa5 Qc4 27.
Kg1 Bh3 28. Bg2 Bxg2 29. Kxg2 Kg7 30. Qb6 Qa4 31. Qa5 Qd7 32. Qb6 h4 33. Qe3
Rh8 34. Nd4 hxg3 35. hxg3 Qh3+ 36. Kf2 Qh2+ 37. Kf3 Qh5+ 38. Kf2 Qxd5 39. Qf3
Bxd4+ 40. Rxd4 Rh2+ 0-1

[Event "European Youth Chess Championship B16"]
[Site "Prague, Top Hotel Prague"]
[Date "2016.08.21"]
[Round "4.7"]
[White "Risting, Eivind Olav"]
[Black "Bronstein, Or"]
[Result "1/2-1/2"]
[WhiteElo "2347"]
[BlackElo "2284"]
[PlyCount "40"]
[EventDate "2016.08.18"]

1. Nf3 Nf6 2. g3 g6 3. b3 Bg7 4. Bb2 O-O 5. Bg2 d6 6. d4 c5 7. c4 Nc6 8. O-O
Bg4 9. d5 Na5 10. Nbd2 a6 11. Re1 b5 12. h3 Bxf3 13. Bxf3 bxc4 14. bxc4 Rb8 15.
Bc3 Nd7 16. Qc2 Ne5 17. Bg2 Bh6 18. Bxe5 dxe5 19. e3 Qc7 20. Rab1 f5 1/2-1/2

[Event "European Youth Chess Championship B16"]
[Site "Prague, Top Hotel Prague"]
[Date "2016.08.21"]
[Round "4.8"]
[White "Yilmaz, Goktan"]
[Black "Giannoulakis, Lampros"]
[Result "0-1"]
[WhiteElo "2134"]
[BlackElo "2317"]
[PlyCount "144"]
[EventDate "2016.08.18"]

1. e4 c5 2. Nf3 d6 3. d4 cxd4 4. Nxd4 Nf6 5. Nc3 a6 6. Be3 e5 7. Nb3 Be6 8. f3
h5 9. Nd5 Nxd5 10. exd5 Bf5 11. Bd3 Bxd3 12. Qxd3 Be7 13. f4 Nd7 14. O-O Rc8
15. c4 O-O 16. f5 Bg5 17. Nd2 b5 18. Bxg5 Qxg5 19. cxb5 axb5 20. b4 Nf6 21.
Rae1 Ra8 22. Re2 Qg4 23. Ne4 Nxd5 24. h3 Nf4 25. hxg4 Nxd3 26. Nxd6 hxg4 27.
Rb1 Ra4 28. Nxb5 Rb8 29. Nc3 Raxb4 30. Rxb4 Rxb4 31. Kh2 f6 32. Kg3 Rf4 33. Rd2
Nc5 34. Re2 Rxf5 35. Kxg4 Rf4+ 36. Kg3 Rc4 37. Nd5 Kf7 38. Kf3 Ke6 39. Ne3 Rf4+
40. Kg3 Ra4 41. Rb2 Ra6 42. Kf3 e4+ 43. Kg4 Nd3 44. Rb8 Ne5+ 45. Kf4 g5+ 46.
Kg3 Ra3 47. Rb6+ Kf7 48. Rb3 Ra4 49. Rb6 Rxa2 50. Rb4 f5 51. Rb7+ Kg6 52. Rb6+
Kh5 53. Nxf5 Ra3+ 54. Kf2 Ng4+ 55. Ke2 Ra2+ 56. Ke1 Nf2 57. Ne3 Nd3+ 58. Kd1
Nf2+ 59. Ke1 Nd3+ 60. Kd1 Kh4 61. Re6 Kg3 62. Nf1+ Kxg2 63. Nd2 Nf2+ 64. Ke2 g4
65. Ke3 g3 66. Rg6 Ra4 67. Kf4 Nd3+ 68. Ke3 Ne5 69. Rg8 Nc4+ 70. Nxc4 Rxc4 71.
Kf4 Kf2 72. Ra8 e3+ 0-1

[Event "European Youth Chess Championship B16"]
[Site "Prague, Top Hotel Prague"]
[Date "2016.08.21"]
[Round "4.9"]
[White "Askerov, Marat"]
[Black "Schmidek, Emil"]
[Result "1-0"]
[WhiteElo "2302"]
[BlackElo "2223"]
[PlyCount "151"]
[EventDate "2016.08.18"]

1. d4 Nf6 2. c4 g6 3. Nc3 d5 4. cxd5 Nxd5 5. Bd2 Bg7 6. e4 Nb6 7. Be3 O-O 8.
Bb5 Bd7 9. Bd3 Nc6 10. Nge2 Nb4 11. Bb1 Nc4 12. Bc1 c5 13. d5 e6 14. a3 Qa5 15.
O-O exd5 16. exd5 Na6 17. Ba2 Ne5 18. Bf4 Bf5 19. Ng3 Nd3 20. Nxf5 Nxb2 21.
Ne7+ Kh8 22. Qb3 Qxc3 23. Qxb7 Qf6 24. Bg3 c4 25. d6 Nc5 26. Qd5 Nd7 27. Rac1
Nb6 28. Qe4 Nd3 29. Rc2 Nc5 30. Qe3 Nb7 31. Rd1 Rad8 32. Nc6 Rfe8 33. Qf3 Rd7
34. h3 Qxf3 35. gxf3 c3 36. Nxa7 Ra8 37. Nb5 Ra5 38. Nxc3 Rc5 39. Rdc1 Nxd6 40.
Ne4 Rxc2 41. Rxc2 Nb5 42. Rc6 Bd4 43. Rxb6 Bxb6 44. Be5+ f6 45. Bxf6+ Rg7 46.
a4 Nc7 47. Bc3 Ne8 48. Ng5 Nc7 49. a5 Ba7 50. Bc4 h6 51. Ne4 Ne8 52. Bf7 Nc7
53. Bxg6 Ne6 54. Bxg7+ Kxg7 55. Be8 Kf8 56. Ba4 Nf4 57. Kh2 Bb8 58. Kg3 Ng6+
59. Kg4 Ne5+ 60. Kh5 Kg7 61. f4 Nd3 62. f5 Nf4+ 63. Kg4 h5+ 64. Kg5 Nxh3+ 65.
Kxh5 Ba7 66. Kg4 Nxf2+ 67. Nxf2 Bxf2 68. Kf4 Kf6 69. a6 Ba7 70. Ke4 Bf2 71. Bc2
Ke7 72. Kd5 Kd7 73. f6 Ke8 74. Ke6 Bc5 75. f7+ Kf8 76. Bb3 1-0

[Event "European Youth Chess Championship B16"]
[Site "Prague, Top Hotel Prague"]
[Date "2016.08.21"]
[Round "4.10"]
[White "Mirzoyan, David"]
[Black "Akhvlediani, Irakli"]
[Result "1/2-1/2"]
[WhiteElo "2294"]
[BlackElo "2120"]
[PlyCount "106"]
[EventDate "2016.08.18"]

1. Nf3 g6 2. d4 Bg7 3. c4 c5 4. d5 d6 5. e4 e6 6. Nc3 Ne7 7. Be2 O-O 8. O-O h6
9. dxe6 Bxe6 10. Nb5 Nbc6 11. Qxd6 Qxd6 12. Nxd6 b6 13. Nb5 Rac8 14. Bd2 Bxb2
15. Bxh6 Bxa1 16. Bxf8 Bf6 17. Bxe7 Nxe7 18. e5 Bg7 19. Ng5 Bxe5 20. Nxe6 fxe6
21. Bg4 Kg7 22. Re1 Kf6 23. f4 Bxf4 24. Rxe6+ Kg5 25. Rxe7 Kxg4 26. g3 Bg5 27.
Nxa7 Rd8 28. Re2 Kh3 29. Nc6 Rd1+ 30. Kf2 Kxh2 31. Ne5 Kh3 32. Nxg6 Rd3 33. Re6
Rxg3 34. Rxb6 Rc3 35. Rb3 Rxb3 36. axb3 Kg4 37. Ne5+ Kf5 38. Nd7 Be7 39. Ke3
Bd6 40. Kd3 Be7 41. Nb6 Bd6 42. Nd5 Ke5 43. Kc2 Kd4 44. Kb2 Kd3 45. Ka3 Kc2 46.
Nf6 Be7 47. Nd7 Kc3 48. Ka4 Bd6 49. Nb6 Bf8 50. Nc8 Kb2 51. Na7 Bd6 52. Nc6 Bf8
53. Na5 Be7 1/2-1/2

[Event "European Youth Chess Championship B16"]
[Site "Prague, Top Hotel Prague"]
[Date "2016.08.21"]
[Round "4.11"]
[White "Plazuelo, Pascual Juan"]
[Black "Pechac, Jergus"]
[Result "1/2-1/2"]
[WhiteElo "2256"]
[BlackElo "2443"]
[PlyCount "116"]
[EventDate "2016.08.18"]

1. d4 Nf6 2. c4 g6 3. f3 e6 4. e4 d5 5. cxd5 exd5 6. Nc3 Nc6 7. Bb5 a6 8. Bxc6+
bxc6 9. Nge2 Bg7 10. O-O O-O 11. Bg5 h6 12. Bh4 g5 13. Bg3 dxe4 14. fxe4 Nh5
15. e5 c5 16. dxc5 Nxg3 17. Nxg3 Bxe5 18. Qh5 Qd4+ 19. Kh1 Bxg3 20. hxg3 Kg7
21. Rad1 Qg4 22. Qxg4 Bxg4 23. Rd4 h5 24. Ne4 f6 25. Kg1 Rae8 26. Nc3 Rd8 27.
Ra4 Bc8 28. Re4 Bb7 29. Re6 Rf7 30. Rfe1 Rd2 31. R1e2 Rxe2 32. Rxe2 Rd7 33. Kf2
Kf7 34. Rc2 Bc6 35. a3 Ke6 36. b4 Rd3 37. a4 Ke5 38. b5 Bb7 39. c6 Bc8 40. bxa6
Bxa6 41. Nb5 Bxb5 42. axb5 Rb3 43. Re2+ Kf5 44. Re7 Rxb5 45. Rxc7 Rc5 46. Kg1
Kg4 47. Kh2 Rc1 48. Rc8 Kf5 49. c7 Rc2 50. Rh8 Rxc7 51. Rxh5 Kg4 52. Rh6 Rf7
53. Rh8 f5 54. Rg8 Rh7+ 55. Kg1 Rh5 56. Kf2 Rh7 57. Ra8 Re7 58. Ra4+ Re4
1/2-1/2

[Event "European Youth Chess Championship B16"]
[Site "Prague, Top Hotel Prague"]
[Date "2016.08.21"]
[Round "4.12"]
[White "Costachi, Mihnea"]
[Black "Trubchaninov, Timur"]
[Result "1-0"]
[WhiteElo "2416"]
[BlackElo "2228"]
[PlyCount "107"]
[EventDate "2016.08.18"]

1. d4 Nf6 2. c4 c5 3. d5 b5 4. cxb5 a6 5. bxa6 Bxa6 6. Nc3 g6 7. e4 Bxf1 8.
Kxf1 d6 9. g3 Bg7 10. Nf3 O-O 11. Kg2 Qa5 12. Re1 Nbd7 13. a4 Rfb8 14. Bd2 Qd8
15. Nb5 Ne8 16. Bc3 Nc7 17. Qd3 Nxb5 18. axb5 Qc7 19. Bxg7 Kxg7 20. Qc3+ Nf6
21. Rxa8 Rxa8 22. b4 Rb8 23. Nd4 Qb6 24. bxc5 Qxc5 25. Qb2 Kg8 26. Rc1 Qb6 27.
f3 Nd7 28. Nc6 Qxb5 29. Nxe7+ Kf8 30. Qxb5 Rxb5 31. Nc8 Ne5 32. Rc2 Rc5 33.
Rxc5 dxc5 34. Na7 c4 35. Nb5 f5 36. h3 fxe4 37. fxe4 Ke7 38. Kf2 h5 39. Ke3 g5
40. Kd4 g4 41. hxg4 Nf3+ 42. Kxc4 hxg4 43. Nd4 Ne5+ 44. Kc5 Kd7 45. Nf5 Nf3 46.
Nh6 Nd2 47. Kd4 Nf1 48. Nf5 Nh2 49. e5 Nf3+ 50. Ke4 Ke8 51. e6 Nd2+ 52. Ke5
Nc4+ 53. Kf6 Nb6 54. Ng7+ 1-0

[Event "European Youth Chess Championship B16"]
[Site "Prague, Top Hotel Prague"]
[Date "2016.08.21"]
[Round "4.13"]
[White "Hallman, Valo"]
[Black "Kevlishvili, Robby"]
[Result "0-1"]
[WhiteElo "2187"]
[BlackElo "2409"]
[PlyCount "40"]
[EventDate "2016.08.18"]

1. d4 d5 2. c4 c6 3. cxd5 cxd5 4. Nc3 Nf6 5. Nf3 Nc6 6. Bf4 Nh5 7. Bg5 h6 8.
Bh4 g5 9. Bg3 Nxg3 10. hxg3 Bg7 11. e3 e6 12. Bd3 Bd7 13. Rc1 Rc8 14. a3 Qe7
15. b4 O-O 16. g4 e5 17. Nxd5 Qd6 18. dxe5 Nxe5 19. Nxe5 Rxc1 20. Qxc1 Qxd5 0-1